| 000 | 00434cam a2200181ua 4500 | ||
|---|---|---|---|
| 020 | _c5.00 | ||
| 041 |
_ahin _h |
||
| 082 |
_a891.54 _bSHA/RA |
||
| 100 | _aShanti , Joshi . | ||
| 245 |
_aRadhkrishnan ka viswadarshan / _cShanti Joshi. _hTextual Documents |
||
| 250 |
_a1 / _b. |
||
| 260 |
_aDelhi : _bRajkamal Prakash , _c1963. |
||
| 300 | _a240 ; . | ||
| 365 | _a5.00 | ||
| 504 | _a | ||
| 942 | _cBK | ||
| 999 |
_c8024 _d8024 |
||